| 000 | 00666nam a22002057a 4500 | ||
|---|---|---|---|
| 005 | 20160708164647.0 | ||
| 010 | _aENG-115376 | ||
| 020 |
_a9789380574752 _c995.00 |
||
| 020 |
_a9380574754 _c995.00 |
||
| 035 | _aEN-98908 | ||
| 037 | _bDBAD/PUB | ||
| 245 |
_aWomen's empowerment : _ba strategy for developmant / _cedited by Binay Kumar Pattnaik,R. Mutharrayappa [and] K.C.Channamma |
||
| 260 |
_aDelhi _bBookwell _c2015 |
||
| 270 |
_a3/79,Nirankari Colony _bDelhi _e110009 |
||
| 300 |
_axxiv,290p. _c24cm(Hb) |
||
| 700 | _aPattnaik,Binay Kumar | ||
| 700 | _aMutharayappa,R. | ||
| 700 | _aChannamma,K.C. | ||
| 942 |
_2ddc _cEN _h305.4820954 _mWOM |
||
| 999 |
_c101155 _d101155 |
||